Guía Turística Turistel 2002, Chile: Centro. Cordillera de Los Andes, Playas, Isla de Pascua, valles centrales
Gorde:
| Erakunde egilea: | |
|---|---|
| Formatua: | Liburua |
| Hizkuntza: | gaztelania |
| Argitaratua: |
Santiago
Turismo y Comunicaciones
2001
|
| Edizioa: | 17a. ed |
| Saila: | Guías Turiscom
|
| Gaiak: | |
| Etiketak: |
Etiketa erantsi
Etiketarik gabe, Izan zaitez lehena erregistro honi etiketa jartzen!
|
MARC
| LEADER | 00000nam a2200000 a 4500 | ||
|---|---|---|---|
| 001 | UCM0044 | ||
| 003 | CL-VaPUC | ||
| 008 | 020108e20010000CL |||||||||||||||||spa|d | ||
| 082 | 0 | 4 | |a 918.304 |b TEL |2 21 |
| 110 | 2 | |a Telefónica CTC Chile |e author |9 466660 | |
| 245 | 1 | 0 | |a Guía Turística Turistel 2002, Chile: Centro. Cordillera de Los Andes, Playas, Isla de Pascua, valles centrales |
| 250 | |a 17a. ed | ||
| 300 | |a 320 p | ||
| 942 | |c BK | ||
| 945 | |d 20020108 00:00:00 |a cmena | ||
| 260 | |a Santiago |b Turismo y Comunicaciones |c 2001 | ||
| 500 | |a Complementario con Turistel Norte y Sur | ||
| 500 | |a ALGUNOS EJEMPLARES EN INST.DE GEOGRAFIA POR PROY.MINEDUC | ||
| 650 | 7 | |a TURISMO CHILENO |2 CL-VaPUC |9 466661 | |
| 650 | 7 | |a GUIAS TURISTICAS |2 CL-VaPUC |9 346990 | |
| 650 | 0 | |a Atractivos turísticos |9 464852 | |
| 651 | 7 | |a CHILE |2 CL-VaPUC |9 466663 | |
| 651 | 7 | |a ZONA CENTRAL |2 CL-VaPUC |9 267339 | |
| 583 | |a last modification |c 20180125 10:55:55 |k Rodrigo Vera | ||
| 490 | 0 | |a Guías Turiscom | |
| 999 | |c 299110 |d 299108 | ||
| 952 | |0 0 |1 0 |4 0 |6 918_304000000000000_TEL_2001 |7 0 |8 A |9 355273 |a BIBING |b BIBING |d 2019-11-21 |i 378780K |o 918.304 TEL 2001 |p 378780K |r 2025-01-20 |w 2019-11-21 |y BK |k GEO | ||